00695nam a2200181 a 4500008004100000020002200041100001900063245015000082260004100232300003100273440005400304650005200358700004500410700003100455003000100486005001700487040000900504  a0471043702 (pbk.)1 aBajpai, Avi C.10aOrdinary differential equations :ba programmed course for students of science and technology /c[by] A. C. Bajpai, I. M. Calus, [and] J. Hyslop. aLondon :bWiley-Interscience,c1970. a[276] p. :bill. ;c25 cm. 2aA series of programmes on differential equations. 0aDifferential equationsvProgrammed instruction.1 aCalus, I. M.q(Irene M.),ejoint author.1 aHyslop, J.,ejoint author.20230123133919.0 cNUST